Catalogue nº 11 : estampes-dessins, livres ilustrés, sculptures estampes-dessins, livres ilustrés, sculptures

Publicat: Genève : Galerie Gérald Cramer , 1951
Descripció física: targeta ; 18 x 13 cm
Idioma: Català

MARC

LEADER 00000nam a2200000 a 4500
001 29133
003 AGDB
005 20260324181541.0
008 251217b spa||||| |||| 00| 0 cat d
040 |a agdb  |b cat 
041 |a Francès 
245 |a Catalogue nº 11 :  |b estampes-dessins, livres ilustrés, sculptures  |h (targeta) 
260 |a Genève :  |b Galerie Gérald Cramer,  |c [1951?] 
300 |a targeta ;  |c 18 x 13 cm 
500 |a Prové del fons Joan Junyer i Pascual (1909-1994) 
500 |a Targeta que informa de la pròxima publicació de la galeria, Catalogue de très beaux livres illustrés, estampes et sculptures modernes (R.130296) 
650 |a Fons Joan Junyer i Pascual (1909-1994)  |9 72777 
655 0 |a Targetes postals  |9 52685 
710 |a Galerie Gérald Cramer (Ginebra, Suïssa)  |9 72642  |e entitat editora 
942 |2 udc  |c ARXIU  |n 1 
952 |0 0  |1 0  |2 udc  |4 0  |6 F504214  |7 0  |9 98803  |a Arxiu  |b Arxiu  |d 2025-12-17  |l 0  |o F-504-214  |p 29133  |r 2025-12-17 13:21:24  |w 2025-12-17  |y ARXIU 
952 |0 0  |1 0  |2 udc  |4 0  |6 F504215  |7 1  |9 98805  |a Arxiu  |b Arxiu  |d 2025-12-17  |l 0  |o F-504-215  |p 29134  |r 2025-12-17 13:43:38  |w 2025-12-17  |y ARXIU 
952 |0 0  |1 0  |2 udc  |4 0  |6 F504216  |7 1  |9 98806  |a Arxiu  |b Arxiu  |d 2025-12-17  |l 0  |o F-504-216  |p 29135  |r 2025-12-17 13:43:59  |w 2025-12-17  |y ARXIU 
952 |0 0  |1 0  |2 udc  |4 0  |6 F504217  |7 1  |9 98807  |a Arxiu  |b Arxiu  |d 2025-12-17  |l 0  |o F-504-217  |p 29136  |r 2025-12-17 13:44:20  |w 2025-12-17  |y ARXIU 
952 |0 0  |1 0  |2 udc  |4 0  |6 F504218  |7 1  |9 98808  |a Arxiu  |b Arxiu  |d 2025-12-17  |l 0  |o F-504-218  |p 29137  |r 2025-12-17 13:44:47  |w 2025-12-17  |y ARXIU 
952 |0 0  |1 0  |2 udc  |4 0  |6 F5042019  |7 1  |9 98809  |a Arxiu  |b Arxiu  |d 2025-12-17  |l 0  |o F-504-2019  |p 29138  |r 2025-12-17 13:45:05  |w 2025-12-17  |y ARXIU 
999 |c 130496  |d 130496